Gaming Quiz

Random Gaming or Nintendo Quiz

Nintendo Mascots Quiz Stats

 Plays Quiz not verified by Sporcle

Also try: 4-Letter Pokémon
Challenge
Share
Tweet
Score 0/20 Timer 06:00
0 Plays Today
% Correct
Mario, Luigi, Peach, & Toad
98.5%
Donkey Kong & Diddy Kong
95.5%
Link
94%
Kirby
88.1%
Yoshi
88.1%
Star Fox
85.1%
Wario
82.1%
Samus
80.6%
Captain Falcon
80.6%
Isabelle
76.1%
% Correct
Marth
76.1%
Little Mac
76.1%
Mario & Bowser
76.1%
Ness
74.6%
Olimar & Pikmin
73.1%
Inkling
71.6%
Pit
71.6%
Chibi Robo
58.2%
Isaac
52.2%
Wonder Red
44.8%

You're not logged in!

Compare scores with friends on all Sporcle quizzes.
OR
Log In

You Might Also Like...

Show Comments

Extras

Created Apr 22, 2017ReportNominate
Tags:Nintendo Quiz, franchise, mascot

Top Quizzes Today


Score Distribution

Your Account Isn't Verified!

In order to create a playlist on Sporcle, you need to verify the email address you used during registration. Go to your Sporcle Settings to finish the process.

Report this User

Report this user for behavior that violates our Community Guidelines.

Details: